| 000 | 01188nam a22002775a 4500 | ||
|---|---|---|---|
| 003 | OSt | ||
| 005 | 20180120113719.0 | ||
| 008 | 180120s1994 ua a fr 000 0 ara d | ||
| 017 | _a93 / 8693 | ||
| 040 |
_aEG-ScBUE _bara _cEG-ScBUE |
||
| 041 | 1 |
_aara _hund |
|
| 082 | 0 | 4 |
_a005.133 _bت ا ن _222 |
| 100 | 1 | _aتانيك، هاري. | |
| 245 | 1 | 0 |
_aتوضيح كويك بيسك / _cتأليف هاري تانيك، مورات تانيك، أودو بوش ؛ ترجمة ومراجعة سرور علي إبراهيم سرور ؛ تقديم عبد الله بن عبد الله العبيد. |
| 260 |
_aالقاهرة : _bالمكتبة الأكاديمية، _c1994. |
||
| 300 |
_a596 ص. ؛ _c24 سم. |
||
| 546 | _aالنص باللغة العربية. | ||
| 630 | 0 | 7 |
_aلغة البيسك (حاسبات إلكترونية) _2BUEsh |
| 650 | 7 |
_aلغات البرمجة (حاسبات إلكترونية) _2BUEsh |
|
| 651 | _2BUEsh | ||
| 700 | 1 | _aتانيك، مورات. | |
| 700 | 1 | _aبوش، أودو. | |
| 700 | 1 |
_aسرور، سرور علي إبراهيم، _eمترجم، _eمراجع. |
|
| 700 | 1 |
_aعبيد، عبد الله بن عبد الله، _eمقدم. |
|
| 942 | _2ddc | ||
| 999 |
_c25956 _d25928 |
||